Slovník česko-německý

Saved in:
Bibliographic Details
Main Author: Jungman, Josef
Format: Book
Language:Czech
German
Published: Praha Academia 1989
Edition:1. vyd.
Tags: Add Tag
No Tags, Be the first to tag this record!

MARC

LEADER 00000nam a2200000 4500
001 c032189
005 20221215120707.9
041 0 |a cze 
041 0 |a ger 
044 |a CZ 
245 1 0 |a Slovník česko-německý  |c Josef Jungman 
250 |a 1. vyd. 
264 1 |a Praha  |b Academia  |c 1989 
300 |a 852 s. 
100 1 |a Jungman, Josef